[Event "ch-GER Women 2017"]
[Site "Bad Wiessee GER"]
[Date "2017.04.07"]
[Round "8.5"]
[White "Schulze,Lara"]
[Black "Hielscher,U"]
[Result "1-0"]
[WhiteElo "2157"]
[BlackElo "1796"]

1.e4 e6 2.d4 b6 3.Nf3 Bb7 4.Bd3 c5 5.c3 a6 6.O-O d6 7.Re1 Nf6 8.a4 Be7 9.Nbd2
O-O 10.Qe2 Re8 11.Nf1 Nc6 12.h3 Na5 13.Bf4 c4 14.Bc2 d5 15.e5 Nd7 16.h4 Bxh4
17.Nxh4 Qxh4 18.g3 Qe7 19.Qh5 f5 20.g4 g6 21.Qh6 Qg7 22.Qh4 fxg4 23.Bh6 Qf7
24.Ne3 Qe7 25.Bg5 Qg7 26.Nxg4 h5 27.Nh6+ Kh8 28.Re3 Rf8 29.Rg3 Rf7 30.Nxf7+
Qxf7 31.Bxg6 {#r} 1-0

[Event "ch-GER Women 2017"]
[Site "Bad Wiessee GER"]
[Date "2017.04.07"]
[Round "8.6"]
[White "Just,A"]
[Black "Straub,N"]
[Result "0-1"]
[WhiteElo "1971"]
[BlackElo "2188"]

1.e4 g6 2.d4 Bg7 3.Nc3 c6 4.Nf3 d6 5.h3 Nd7 6.Bd3 e5 7.dxe5 dxe5 8.O-O Ngf6
9.Be3 O-O 10.Qd2 Qe7 11.Rad1 Nc5 12.Bxc5 Qxc5 13.Na4 Qe7 14.Qa5 Nd7 15.Qc7 Re8
16.Bc4 Kf8 17.Rd3 b5 18.Bxf7 Kxf7 19.Qxc6 Rb8 20.Qd5+ Kf8 21.Ng5 Qxg5 22.Rf3+
Bf6 23.h4 Qxh4 24.Nc5 Nxc5 25.Qd6+ Kg7 26.Qxb8 Nxe4 27.Qxa7+ Re7 28.Qe3 Bg5
29.Qe2 Nd2 30.Rc3 Nxf1 31.Qxf1 Bd7 32.g3 Qe4 33.f3 Qd4+ 34.Kg2 e4 35.f4 Bf6
36.Qe2 e3 37.Rd3 Qe4+ 38.Kh2 Bc6 39.Rd1 Qf3 {#R} 0-1

[Event "ch-GER Women 2017"]
[Site "Bad Wiessee GER"]
[Date "2017.04.07"]
[Round "8.7"]
[White "Mao,Yvonne"]
[Black "Jussupow,N"]
[Result "0-1"]
[WhiteElo "1762"]
[BlackElo "2161"]

1.e4 Nc6 2.Nf3 f5 3.exf5 d5 4.Bb5 Qd6 5.Nd4 Qe5+ 6.Ne2 Bxf5 7.d4 Qf6 8.Nbc3
O-O-O 9.O-O g5 10.Bd3 Nh6 11.Be3 Bg7 12.Qd2 Bxd3 13.Qxd3 Nf5 14.Rad1 h6 15.Na4
e5 16.Nc5 exd4 17.Qb5 Nd6 18.Qb3 dxe3 19.fxe3 Qxb2 20.Qxd5 Qe5 21.Qb3 Qxc5
{#R} 0-1

[Event "ch-GER Women 2017"]
[Site "Bad Wiessee GER"]
[Date "2017.04.07"]
[Round "8.8"]
[White "Henrichs,W"]
[Black "Schmidt,Jad"]
[Result "0-1"]
[WhiteElo "1973"]
[BlackElo "2131"]

1.d4 d5 2.c4 e6 3.Nc3 c6 4.e3 Nf6 5.b3 Bd6 6.Nf3 Nbd7 7.Bb2 O-O 8.Qc2 Qe7
9.Rd1 Rd8 10.Be2 e5 11.cxd5 cxd5 12.dxe5 Nxe5 13.O-O Be6 14.Nb5 Rac8 15.Qb1
Nxf3+ 16.Bxf3 Bb8 17.Nd4 Ng4 18.Nf5 Bxf5 19.Qxf5 Nxh2 20.Rfe1 Nxf3+ 21.Qxf3
Qe4 22.Qh5 Rc6 23.Qg5 f6 24.Qh5 Rc2 25.Bc1 Qe5 26.Qh3 Rxa2 27.f4 Qe7 28.Rd3
Bc7 29.Red1 Ra5 30.b4 Rb5 31.Bd2 Bb6 32.Kh1 Qf7 33.Bc3 d4 34.f5 Rbd5 35.e4
R5d7 36.Be1 Bc7 37.Qg4 Be5 38.g3 Rc7 39.Bf2 Rc4 40.b5 Qc7 {#R} 0-1

[Event "World Amateur U2300"]
[Site "Spoleto ITA"]
[Date "2017.04.07"]
[Round "8.3"]
[White "Zhunussov,B"]
[Black "AlHuwar,J"]
[Result "1-0"]
[WhiteElo "2306"]
[BlackElo "2260"]

1.d4 g6 2.c4 Bg7 3.Nc3 d6 4.e4 Nf6 5.Nf3 O-O 6.Be2 e5 7.O-O Nc6 8.d5 Ne7 9.b4
Nh5 10.g3 Bh3 11.Re1 h6 12.Nd2 f5 13.c5 Qd7 14.f3 Nf6 15.Nc4 f4 16.b5 g5 17.b6
axb6 18.cxd6 cxd6 19.Rb1 Qc7 20.Rb5 Bd7 21.Rb3 b5 22.Nb2 b4 23.Nb1 Rxa2 24.Kg2
Qc8 25.Rxb4 Bh3+ 26.Kh1 g4 27.gxf4 gxf3 28.Bxf3 Ng4 29.Qe2 exf4 30.Nd2 Ne5
31.Rg1 Ra1 32.Nbc4 Rf6 33.Nb3 Rb1 34.Ncd2 Qc3 35.Rxb7 N7g6 36.Nxb1 Qxf3+
37.Qxf3 Nxf3 38.Bb2 Nfe5 39.Bxe5 dxe5 40.N1d2 Bf8 41.Nf3 Kh8 42.Rb8 Kh7
43.Rb7+ Kh8 44.Nbd2 Bc5 45.Rc1 Be3 46.Rc6 Rxc6 47.dxc6 Kg8 48.Nc4 Kf8 49.c7
{#r} 1-0

[Event "World Amateur U2300"]
[Site "Spoleto ITA"]
[Date "2017.04.07"]
[Round "8.4"]
[White "Pahomov,Ruslan"]
[Black "Skreno,V"]
[Result "1-0"]
[WhiteElo "2256"]
[BlackElo "2223"]

1.e4 c5 2.Nf3 Nc6 3.Nc3 g6 4.d4 cxd4 5.Nxd4 Bg7 6.Be3 Nf6 7.Bc4 d6 8.f3 O-O
9.Qd2 Ne5 10.Bb3 Bd7 11.h4 h5 12.Bh6 Rc8 13.Bxg7 Kxg7 14.O-O-O Rc5 15.Nd5 Nxd5
16.Bxd5 b5 17.g4 Nc4 18.Bxc4 bxc4 19.Qc3 e5 20.Ne2 hxg4 21.Rxd6 gxf3 22.Qxf3
Bg4 23.Qxg4 Qxd6 24.Ng3 Qb6 25.Nf5+ Kh7 26.Rg1 Rb8 27.Qg5 Qxb2+ 28.Kd2 Kg8
29.Qf6 {#r} 1-0

[Event "World Amateur U2300"]
[Site "Spoleto ITA"]
[Date "2017.04.07"]
[Round "8.5"]
[White "Nannelli,P"]
[Black "Pogosyan,Stefan"]
[Result "1-0"]
[WhiteElo "2189"]
[BlackElo "2387"]

1.d4 Nf6 2.c4 c5 3.d5 b5 4.cxb5 a6 5.b6 d6 6.Nc3 g6 7.Nf3 Bg7 8.e4 O-O 9.a4 a5
10.Nd2 Nfd7 11.Bb5 Nxb6 12.O-O Na6 13.Nc4 Nxc4 14.Bxc4 Qb6 15.f4 Nc7 16.Bd2
Ba6 17.b3 e6 18.f5 exf5 19.exf5 Bd4+ 20.Kh1 Rae8 21.Rb1 Re5 22.Qc2 Rfe8 23.h4
Bxc4 24.bxc4 Qa6 25.Nb5 Nxb5 26.axb5 Qc8 27.b6 Re4 28.Bg5 h6 29.b7 Qb8 30.fxg6
fxg6 31.Bf4 g5 32.Bg3 Kg7 33.h5 R8e7 34.Rbe1 Rxe1 35.Qg6+ Kh8 36.Rxe1 Rxe1+
37.Bxe1 Bg7 38.Qf7 a4 39.Qd7 Qg8 40.Qc8 {#r} 1-0

[Event "World Amateur U2300"]
[Site "Spoleto ITA"]
[Date "2017.04.07"]
[Round "8.7"]
[White "Lam,Daniel King-wai"]
[Black "Rahul Kumar,P"]
[Result "1-0"]
[WhiteElo "2202"]
[BlackElo "2228"]

1.d4 d6 2.g3 g6 3.Bg2 Bg7 4.e4 Bd7 5.Nc3 Qc8 6.Nge2 Nc6 7.Be3 e5 8.d5 Nce7
9.f4 Nf6 10.Qd2 Ng4 11.Bg1 exf4 12.gxf4 O-O 13.O-O-O b5 14.Nd4 b4 15.Nce2 Qa6
16.Kb1 c5 17.dxc6 Nxc6 18.Nxc6 Bxc6 19.Bd4 Bh6 20.Ng3 Ne5 21.Qxb4 Nc4 22.Bf1
d5 23.Nf5 {#r} 1-0

[Event "World Amateur U2300"]
[Site "Spoleto ITA"]
[Date "2017.04.07"]
[Round "8.8"]
[White "Bigabylov"]
[Black "Ugrenovic,B"]
[Result "0-1"]
[WhiteElo "2186"]
[BlackElo "2225"]

1.d4 Nf6 2.Bg5 Ne4 3.Bf4 d5 4.e3 c6 5.Bd3 Nd7 6.Bxe4 dxe4 7.c4 e5 8.Bg3 Qa5+
9.Nc3 exd4 10.exd4 Bb4 11.Ne2 O-O 12.O-O Re8 13.a3 Bxc3 14.Nxc3 Qf5 15.Qc2 Qg6
16.Rfe1 Nf6 17.d5 Bf5 18.Qb3 cxd5 19.cxd5 b6 20.d6 Nh5 21.Nd5 Qe6 22.Rad1 Rad8
23.Qe3 Qd7 24.Ne7+ Kh8 25.Bh4 f6 26.h3 g5 27.g4 Be6 28.Bxg5 Bxg4 29.Qf4 fxg5
30.Qe5+ Ng7 31.hxg4 Qxg4+ 32.Kh2 Rf8 33.Qg3 Qh5+ 34.Kg1 Rf4 35.Kf1 Rdf8 36.d7
Ne6 37.d8=Q Nxd8 38.Rxd8 Qh1+ 39.Ke2 Qf3+ 40.Qxf3 exf3+ 41.Kf1 Rxd8 42.Kg1 Rd6
43.Nc8 Rh6 {#R} 0-1

[Event "World Amateur U2300"]
[Site "Spoleto ITA"]
[Date "2017.04.07"]
[Round "8.10"]
[White "Faraoni,E"]
[Black "Gutierrez,Re"]
[Result "0-1"]
[WhiteElo "2062"]
[BlackElo "2282"]

1.e4 c5 2.b3 e6 3.Nf3 Nc6 4.Bb2 d6 5.Bb5 Bd7 6.O-O a6 7.Bxc6 Bxc6 8.Qe2 e5
9.c3 Ne7 10.Rd1 Ng6 11.d4 Qf6 12.dxe5 dxe5 13.c4 Nf4 14.Qe3 Qg6 15.g3 f6
16.Nc3 Ne6 17.Nd5 O-O-O 18.Nb6+ Kc7 19.Rxd8 Nxd8 20.Nd5+ Kb8 21.b4 cxb4 22.a3
b3 23.Nh4 Qf7 24.Qxb3 Bc5 25.Nf5 Ne6 26.Rb1 Qd7 27.Bc3 Ng5 28.Bb4 Bxf2+
29.Kxf2 Nxe4+ 30.Kg1 Qxf5 31.Be1 Qd7 32.Qd3 f5 33.Bc3 Re8 34.Bb4 Rd8 35.Bc3
Qd6 36.Bb4 Qd7 37.Be7 Qxe7 38.Nxe7 Rxd3 39.Nxc6+ Kc7 40.Nxe5 Rxa3 {#R} 0-1

[Event "World Amateur U2300"]
[Site "Spoleto ITA"]
[Date "2017.04.07"]
[Round "8.11"]
[White "Marmili,G"]
[Black "Karmov,M"]
[Result "1-0"]
[WhiteElo "2190"]
[BlackElo "2135"]

1.c4 e5 2.Nc3 d6 3.g3 f5 4.d4 exd4 5.Qxd4 Nc6 6.Qd2 Nf6 7.Bg2 g6 8.b3 Bg7
9.Bb2 O-O 10.Nh3 h6 11.Nf4 Kh7 12.h4 Ne5 13.O-O-O Nf7 14.Qc2 h5 15.Kb1 c6
16.a3 a5 17.Ka2 Rb8 18.f3 b5 19.cxb5 cxb5 20.Ncd5 Re8 21.Rhe1 a4 22.b4 Bb7
23.e4 Rc8 24.Qb1 fxe4 25.fxe4 Ne5 26.Bh3 Nfg4 27.Bxg4 hxg4 28.h5 g5 29.h6 Bxh6
30.Rh1 gxf4 31.gxf4 Ng6 32.Nf6+ Qxf6 33.Bxf6 Bxe4 34.Rxh6+ Kxh6 35.Rh1+ Nh4
36.Rxh4+ Kg6 37.Qd1 Rc2+ 38.Bb2 {#r} 1-0

[Event "World Amateur U2300"]
[Site "Spoleto ITA"]
[Date "2017.04.07"]
[Round "8.12"]
[White "Itgelt,Khuyagtsogt"]
[Black "Sprotte,N"]
[Result "0-1"]
[WhiteElo "2099"]
[BlackElo "2189"]

1.d4 e6 2.c4 Bb4+ 3.Nc3 c5 4.e3 d6 5.Bd3 Nc6 6.Nf3 e5 7.d5 Bxc3+ 8.bxc3 Nce7
9.e4 Ng6 10.O-O Nf6 11.Qe2 h6 12.Ne1 Qa5 13.Bd2 Bg4 14.f3 Bd7 15.g3 h5 16.h4
Ne7 17.Ng2 O-O-O 18.Rfb1 Ba4 19.Rb2 Rdg8 20.Rab1 Qc7 21.Be3 b6 22.Bc2 Qd7
23.Bg5 Bxc2 24.Qxc2 Kc7 25.Rb5 Rb8 26.Qa4 a5 27.Qb3 a4 28.Qxa4 Ra8 29.Qb3 Nc8
30.Ne3 Nh7 31.Nf5 Nxg5 32.hxg5 Ra6 33.Kg2 g6 34.Nh4 Qe7 35.a4 Qxg5 36.Rb2 f5
37.Kh3 fxe4 38.fxe4 Qg4+ 39.Kh2 g5 40.Ng2 Rf8 41.a5 h4 42.gxh4 gxh4 43.Rxb6
Rf1 44.Rc6+ Rxc6 {#R} 0-1

[Event "World Amateur U2300"]
[Site "Spoleto ITA"]
[Date "2017.04.07"]
[Round "8.15"]
[White "Zaika,Daniil"]
[Black "Caprino,M"]
[Result "1-0"]
[WhiteElo "2128"]
[BlackElo "2186"]

1.d4 g6 2.Nf3 Bg7 3.e4 c5 4.d5 d6 5.Be2 Nf6 6.Nc3 O-O 7.O-O Na6 8.h3 Nc7 9.a4
b6 10.Bf4 a6 11.Re1 Rb8 12.e5 Nfe8 13.Bc4 b5 14.axb5 axb5 15.Bf1 Bb7 16.Bxb5
Nxb5 17.Nxb5 Bxd5 18.Qxd5 Rxb5 19.b3 e6 20.Qd2 d5 21.Ra7 Nc7 22.Bg5 Qd7 23.Nh2
Rfb8 24.Ng4 R5b7 25.Rxb7 Rxb7 26.Bf6 Bf8 27.Ra1 Ne8 28.Ra8 Ra7 29.Rd8 {#r} 1-0

[Event "World Amateur U2300"]
[Site "Spoleto ITA"]
[Date "2017.04.07"]
[Round "8.16"]
[White "Grapsa,G"]
[Black "Cech,D"]
[Result "1-0"]
[WhiteElo "2049"]
[BlackElo "2172"]

1.d4 Nf6 2.c4 g6 3.Nf3 Bg7 4.g3 O-O 5.Bg2 d6 6.O-O Nc6 7.Nc3 a6 8.h3 Bd7 9.e4
e5 10.d5 Nd4 11.Nxd4 exd4 12.Qxd4 Qc8 13.Qd1 Bxh3 14.Be3 Bxg2 15.Kxg2 Qe8
16.Bd4 c5 17.dxc6 bxc6 18.Re1 Qe6 19.Rc1 Rfe8 20.Qa4 Qc8 21.Rcd1 Re6 22.c5
dxc5 23.Bxc5 Rb8 24.Bd6 Rxb2 25.e5 Nd5 26.Nxd5 cxd5 27.Rc1 Qa8 28.Qd7 d4+
29.Kg1 Re8 30.Rc7 Rf8 31.Bxf8 Qf3 32.Qxd4 Bxe5 33.Rc8 {#r} 1-0

[Event "World Amateur U2300"]
[Site "Spoleto ITA"]
[Date "2017.04.07"]
[Round "8.17"]
[White "Sie Thu"]
[Black "Isaakidis,Alexandros"]
[Result "0-1"]
[WhiteElo "2144"]
[BlackElo "2042"]

1.e4 c5 2.Nc3 g6 3.f4 Nc6 4.Nf3 Bg7 5.Bb5 Nd4 6.O-O Nxb5 7.Nxb5 d5 8.exd5 a6
9.Nc3 Nf6 10.d4 Nxd5 11.dxc5 Nxc3 12.Qxd8+ Kxd8 13.bxc3 Bf5 14.Nd4 Kc7 15.Be3
Rhd8 16.Rf2 Rd5 17.Rd2 Rad8 18.Rad1 e6 19.c4 R5d7 20.c3 Bf8 21.Nb3 Rxd2
22.Rxd2 Rxd2 23.Nxd2 a5 24.a3 Bd3 25.Bd4 Be7 26.Kf2 Kc6 27.Nb3 a4 28.Na5+ Kc7
29.Ke3 Bf1 30.Kf3 h5 31.g3 Bh3 32.Ke3 Bg2 33.Be5+ Kc8 34.Bd4 Bd8 {#R} 0-1

[Event "World Amateur U2300"]
[Site "Spoleto ITA"]
[Date "2017.04.07"]
[Round "8.18"]
[White "Adamova,T"]
[Black "Guerrero Fuentes,C"]
[Result "1-0"]
[WhiteElo "1984"]
[BlackElo "2073"]

1.e4 c5 2.Nf3 g6 3.d4 cxd4 4.Nxd4 Bg7 5.Nc3 Nc6 6.Be3 Nf6 7.Nxc6 bxc6 8.e5 Nd5
9.Nxd5 cxd5 10.Qxd5 Rb8 11.Bc4 O-O 12.O-O Qc7 13.f4 Bb7 14.Qd3 g5 15.Rad1 gxf4
16.Rxf4 Qxe5 17.Rg4 Qh5 18.Rg5 Qh4 19.Qe2 Kh8 20.Rf1 Bh6 21.Rg3 Bxe3+ 22.Rxe3
Rg8 23.g3 d5 24.Bd3 d4 25.Rxf7 dxe3 26.Qxe3 Qh5 27.Qd4+ e5 28.Qxe5+ {#r} 1-0

[Event "World Amateur U2300"]
[Site "Spoleto ITA"]
[Date "2017.04.07"]
[Round "8.21"]
[White "Vasquez,O"]
[Black "Ouazri,Anass"]
[Result "0-1"]
[WhiteElo "2041"]
[BlackElo "2135"]

1.b3 d5 2.Bb2 c5 3.Nf3 Nc6 4.e3 Bg4 5.Be2 Nf6 6.d4 e6 7.O-O cxd4 8.exd4 Bd6
9.c4 O-O 10.Nc3 Rc8 11.cxd5 exd5 12.h3 Bf5 13.Bd3 Qd7 14.Nb5 Bxd3 15.Qxd3 Nb4
16.Ne5 Bxe5 17.Qd2 Qxb5 18.dxe5 Ne4 {#R} 0-1

[Event "World Amateur U2300"]
[Site "Spoleto ITA"]
[Date "2017.04.07"]
[Round "8.24"]
[White "Sandhya,G"]
[Black "Tolibayev,Timur"]
[Result "0-1"]
[WhiteElo "1845"]
[BlackElo "2053"]

1.e4 e5 2.Nf3 Nf6 3.d4 exd4 4.e5 Ne4 5.Qxd4 d5 6.exd6 Nxd6 7.Bd3 Nc6 8.Qf4 g6
9.O-O Bg7 10.Re1+ Be6 11.Ng5 O-O 12.Nc3 Bf5 13.Nge4 Re8 14.Bd2 Nxe4 15.Nxe4
Bxb2 16.Rab1 Be5 17.Qf3 Nd4 18.Qe3 Bxe4 19.Bxe4 f5 20.c3 Nc6 21.Bxc6 Bxh2+
22.Kxh2 Rxe3 23.Bxe3 Qd6+ 24.f4 Qxc6 25.Bd4 Kf7 26.Re5 Re8 27.Rbe1 Rxe5
28.fxe5 Ke6 29.Kg3 b6 30.Kf2 Qc4 31.Re2 c5 32.Be3 Qxc3 33.Bf4 Qd4+ 34.Kf3 h5
35.g3 g5 36.Be3 Qg4+ 37.Kf2 h4 38.gxh4 Qxh4+ 39.Kg1 f4 40.Bf2 Qg4+ 41.Kf1 Qh3+
42.Ke1 g4 {#R} 0-1

[Event "World Amateur U2300"]
[Site "Spoleto ITA"]
[Date "2017.04.07"]
[Round "8.25"]
[White "Battistella,S"]
[Black "Quinzio,M"]
[Result "1-0"]
[WhiteElo "2067"]
[BlackElo "2013"]

1.c4 Nf6 2.g3 e6 3.Bg2 d5 4.Nf3 c5 5.cxd5 exd5 6.d4 c4 7.O-O Bd6 8.Bg5 h6
9.Bxf6 Qxf6 10.Nc3 Be6 11.e4 dxe4 12.Nxe4 Qd8 13.d5 Bf5 14.Nxd6+ Qxd6 15.Re1+
Kf8 16.Ne5 b5 17.Qf3 g6 18.g4 Nd7 19.Qf4 Re8 20.Nxd7+ {#r} 1-0

[Event "World Amateur U2300"]
[Site "Spoleto ITA"]
[Date "2017.04.07"]
[Round "8.27"]
[White "Herrmann,Roman"]
[Black "Petruccioli,A"]
[Result "1-0"]
[WhiteElo "2010"]
[BlackElo "1986"]

1.d4 c5 2.dxc5 e5 3.c4 Bxc5 4.Nc3 Nf6 5.e3 O-O 6.Nf3 d6 7.Be2 Nc6 8.O-O Bf5
9.a3 a5 10.b3 h6 11.Bb2 Qd7 12.Qd2 Rae8 13.Rfd1 Re6 14.Na4 b6 15.Nc3 e4 16.Nd4
Bxd4 17.exd4 d5 18.cxd5 Nxd5 19.Nxd5 Qxd5 20.Bc4 Qd6 21.Bxe6 fxe6 22.d5 Rd8
23.Qc3 Qe7 24.dxc6 {#r} 1-0

[Event "World Amateur U2300"]
[Site "Spoleto ITA"]
[Date "2017.04.07"]
[Round "8.28"]
[White "Levina,A"]
[Black "Lujan,Nelson"]
[Result "0-1"]
[WhiteElo "2059"]
[BlackElo "2012"]

1.e4 c6 2.d4 d5 3.Nc3 dxe4 4.Nxe4 Bf5 5.Ng3 Bg6 6.Nh3 Nf6 7.Nf4 e6 8.h4 Bd6
9.h5 Bf5 10.Nxf5 exf5 11.Qd3 Ne4 12.Be3 O-O 13.f3 Ng3 14.Rh3 Re8 15.Ne2 f4
16.Bf2 Nxe2 17.Bxe2 Na6 18.c3 Qg5 19.Kf1 Nc7 20.Bh4 Qxh5 21.Be7 Qxh3 22.gxh3
Rxe7 23.Qf5 Nd5 24.Kf2 Rae8 25.Bd3 g6 26.Qg5 Kg7 27.h4 Re3 28.Rd1 Nf6 29.Rd2
Nh5 30.Qa5 Be7 31.Qxa7 Bxh4+ 32.Kg2 Be1 33.Rd1 Rxd3 34.Rxd3 Re2+ 35.Kg1 Bf2+
36.Kf1 Ng3+ 37.Kg2 Bxd4+ 38.Kh3 Bxa7 39.Kg4 Be3 {#R} 0-1

[Event "World Amateur U2300"]
[Site "Spoleto ITA"]
[Date "2017.04.07"]
[Round "8.31"]
[White "Rivola,F"]
[Black "Menichelli,A"]
[Result "0-1"]
[WhiteElo "1913"]
[BlackElo "1998"]

1.d4 Nf6 2.Nf3 c5 3.dxc5 e6 4.a3 Bxc5 5.b4 Be7 6.Bb2 d5 7.e3 O-O 8.Be2 a6 9.c4
dxc4 10.Qxd8 Rxd8 11.Bxc4 b5 12.Bb3 Bb7 13.Ke2 a5 14.bxa5 Nc6 15.Nbd2 Nxa5
16.Bc2 Ba6 17.Rhd1 Nc4 18.Nxc4 bxc4 19.Ke1 Rab8 20.Rxd8+ Bxd8 21.Be5 Ba5+
22.Kd1 Rd8+ 23.Bd4 Ng4 24.Ke2 c3+ 25.Ke1 e5 26.Nxe5 Nxe5 27.Bxe5 Rd2 28.Rc1
Re2+ {#R} 0-1

[Event "ch-KAZ Women 2017"]
[Site "Almaty KAZ"]
[Date "2017.04.07"]
[Round "5.1"]
[White "Mukhit,Aisezym"]
[Black "Bauyrzhan,Arnash"]
[Result "1-0"]
[WhiteElo "2016"]
[BlackElo "2050"]

1.d4 Nf6 2.c4 e6 3.Nc3 Bb4 4.e3 b6 5.Bd3 Bb7 6.Ne2 O-O 7.a3 Bxc3+ 8.Nxc3 d5
9.cxd5 exd5 10.O-O c5 11.Bc2 Nc6 12.Qd3 Qd7 13.Rd1 Ne7 14.dxc5 bxc5 15.e4 d4
16.e5 Qc6 17.Qh3 Bc8 18.Qh4 Bb7 19.f3 Ng6 20.Bxg6 fxg6 21.exf6 dxc3 22.fxg7
Rf7 23.Bh6 Re8 24.bxc3 c4 25.Re1 Qc5+ 26.Qf2 Qxf2+ 27.Kxf2 Rfe7 28.Rxe7 Rxe7
29.Rd1 Bc6 30.Rd8+ Be8 31.Rc8 Re6 32.h4 a6 33.Rxc4 g5 34.hxg5 Bf7 35.Rc8+ Re8
36.Rxe8+ Bxe8 37.Ke3 a5 38.Kd4 a4 39.c4 Kf7 40.Kd5 Bd7 41.c5 Be6+ 42.Kd6 Bc8
43.c6 Be6 44.g8=Q+ Kxg8 45.Kxe6 {#r} 1-0

[Event "ch-KAZ Women 2017"]
[Site "Almaty KAZ"]
[Date "2017.04.07"]
[Round "5.4"]
[White "Abdumalik,Z"]
[Black "Ankudinova,Y"]
[Result "1-0"]
[WhiteElo "2442"]
[BlackElo "2166"]

1.e4 e6 2.d4 d5 3.Nc3 Nf6 4.e5 Nfd7 5.f4 c5 6.Nf3 Nc6 7.Be3 a6 8.Qd2 b5 9.Nd1
cxd4 10.Nxd4 Nxd4 11.Bxd4 Qc7 12.Bd3 Nc5 13.Ne3 Ne4 14.Bxe4 dxe4 15.O-O g6
16.Ng4 Be7 17.Nf6+ Bxf6 18.exf6 Bb7 19.a4 O-O-O 20.axb5 axb5 21.Ra3 Bc6 22.Qe3
Rd5 23.Be5 Qd7 24.Ra7 Bb7 25.Qc3+ Kd8 26.Qa5+ Ke8 27.Qb6 Rd1 28.Rxb7 Rxf1+
29.Kxf1 Qd1+ 30.Kf2 Qxc2+ 31.Kg3 Qd3+ 32.Kh4 {#r} 1-0

[Event "ch-KAZ Women 2017"]
[Site "Almaty KAZ"]
[Date "2017.04.07"]
[Round "5.5"]
[White "Karabayeva,Z"]
[Black "Nakhbayeva,G"]
[Result "0-1"]
[WhiteElo "2066"]
[BlackElo "2304"]

1.e4 e6 2.Nf3 d5 3.Nc3 Nf6 4.e5 Nfd7 5.d4 Be7 6.Bf4 a6 7.h4 c5 8.dxc5 Nc6 9.a3
Nxc5 10.Bd3 b5 11.Ne2 b4 12.Ned4 Nxd4 13.Nxd4 Qb6 14.axb4 Qxb4+ 15.c3 Qxb2
16.O-O Bd7 17.Rc1 Bxh4 18.Bb1 Be7 19.c4 O-O 20.cxd5 exd5 21.e6 Nxe6 22.Be5 Qb6
23.Nf5 Bg5 24.Qh5 h6 25.Rc3 Nf4 26.Bxf4 Bxf5 27.Bxg5 Bxb1 28.Be7 Rfe8 29.Qxd5
Bg6 30.Rb3 Qc7 31.Rb7 Qf4 32.Bd6 Qe4 33.Qb3 a5 34.Ba3 a4 35.Qb6 Qd3 36.Bb2 a3
37.Ba1 Rac8 38.Rc7 Rxc7 39.Qxc7 a2 40.Qc6 Rb8 41.Rc1 Rb1 42.Kh2 Qd2 {#R} 0-1

[Event "ch-Moscow Final 2017"]
[Site "Moscow RUS"]
[Date "2017.04.06"]
[Round "6.1"]
[White "Gordievsky,D"]
[Black "Zakhartsov,Vl"]
[Result "1-0"]
[WhiteElo "2596"]
[BlackElo "2470"]

1.Nf3 Nf6 2.c4 e6 3.Nc3 c5 4.d4 cxd4 5.Nxd4 a6 6.e4 Qc7 7.a3 b6 8.f4 Bb7 9.Qd3
Nc6 10.b4 d6 11.Be3 Be7 12.Rc1 Nxd4 13.Qxd4 O-O 14.Qxb6 Qxb6 15.Bxb6 Nxe4
16.Nxe4 Bxe4 17.h4 Bf6 18.Rh3 Bf5 19.Rb3 Bxh4+ 20.g3 Bd8 21.Bxd8 Rfxd8 22.c5
dxc5 23.bxc5 Kf8 24.c6 e5 25.fxe5 Rd5 26.c7 Rxe5+ 27.Kf2 Rae8 28.Bxa6 Bc8
29.Bb5 R8e6 30.Bf1 Re8 31.Rb8 Ke7 32.Bb5 Rf8 33.a4 Kd6 34.a5 f5 35.a6 f4 36.a7
fxg3+ 37.Kg1 {#r} 1-0

[Event "ch-Moscow Final 2017"]
[Site "Moscow RUS"]
[Date "2017.04.06"]
[Round "6.6"]
[White "Gavrilov,Al1"]
[Black "Denishev,M"]
[Result "1-0"]
[WhiteElo "2487"]
[BlackElo "2333"]

1.d4 Nf6 2.c4 c5 3.d5 b5 4.cxb5 a6 5.bxa6 g6 6.Nc3 Bg7 7.e4 O-O 8.a7 Rxa7
9.Nf3 d6 10.Be2 Ba6 11.O-O Qa5 12.Re1 Nbd7 13.Qc2 Rb8 14.Rb1 Ng4 15.h3 Nge5
16.Nxe5 Nxe5 17.a4 c4 18.Bd2 Nd3 19.Nb5 Nxe1 20.Bxe1 Qb6 21.Nxa7 Qxa7 22.Bxc4
Rc8 23.b3 Qd4 24.Rd1 Qc5 25.Rc1 Qa3 26.Bd2 Bb2 27.Rb1 Bd4 28.Bh6 Be5 29.Bc1
Qb4 30.Bd2 Qa3 31.Be3 h5 32.h4 Kg7 33.Rc1 Bb2 34.Rd1 Bf6 35.g3 Qb4 36.Qd2 Rxc4
37.bxc4 Qxa4 38.Bd4 Qxc4 39.Bxf6+ exf6 40.Re1 Bb5 41.Kh2 Bd7 42.Qf4 Qb4 43.Rc1
Qb6 44.Rc3 Qd4 45.Rc7 Bg4 46.Rc6 Qd1 47.Rxd6 f5 48.Qe5+ {#r} 1-0

[Event "ch-Moscow Final 2017"]
[Site "Moscow RUS"]
[Date "2017.04.06"]
[Round "6.7"]
[White "Ivanov,Ol UKR"]
[Black "Salman,P"]
[Result "1-0"]
[WhiteElo "2462"]
[BlackElo "2295"]

1.e4 c5 2.Nf3 e6 3.d4 cxd4 4.Nxd4 a6 5.c4 Nf6 6.Nc3 Qc7 7.a3 Be7 8.Be3 d6
9.Be2 b6 10.O-O Bb7 11.f3 Nbd7 12.Rc1 O-O 13.b4 Rac8 14.Nb3 Qb8 15.Na4 Bd8
16.Kh1 Bc7 17.Bg1 Rfd8 18.Re1 Ba8 19.Bf1 h5 20.Qe2 Ne5 21.Qf2 Nfd7 22.Qh4 Nf6
23.Qf2 Nfd7 24.Nc3 Nf6 25.Red1 Ng6 26.Na4 Nd7 27.Rb1 Bc6 28.Nc3 Qa8 29.Qe3 Re8
30.Bf2 Nf6 31.Nd4 Bb7 32.Qd2 d5 33.exd5 exd5 34.Nxd5 Nxd5 35.cxd5 Red8 36.b5
Rxd5 37.Bc4 Rd7 38.Qg5 Bd5 39.Nc6 Bxc6 40.Rxd7 Bxd7 41.Qxg6 Be6 42.Bxe6 fxe6
43.Qxe6+ Kh8 44.Bd4 Bf4 45.Qg6 Rc7 46.Re1 {#r} 1-0

[Event "ch-Moscow Final 2017"]
[Site "Moscow RUS"]
[Date "2017.04.06"]
[Round "6.9"]
[White "Tarasov,O"]
[Black "Geivondian,Arman"]
[Result "0-1"]
[WhiteElo "2252"]
[BlackElo "2388"]

1.e4 e6 2.d4 d5 3.Nc3 Nf6 4.Bg5 Bb4 5.exd5 Qxd5 6.Bxf6 gxf6 7.Qd2 Qg5 8.O-O-O
Qxd2+ 9.Rxd2 b6 10.Be2 Bb7 11.Bf3 Nc6 12.d5 Bxc3 13.bxc3 Na5 14.dxe6 fxe6
15.Bxb7 Nxb7 16.Nf3 Rd8 17.Nd4 e5 18.Re2 Kf7 19.Nf5 Nd6 20.Nxd6+ cxd6 21.f4
Ke7 22.Rf1 Rc8 23.Rf3 Rhg8 24.Kb2 Ke6 25.f5+ Kf7 26.Rd3 Rc6 27.c4 Rg5 28.Rf2
h5 29.Kb3 Rg4 30.Rh3 h4 31.Rc3 a5 32.g3 h3 33.Rd2 Kg7 34.Ka4 Rd4 35.Rdd3
Rdxc4+ 36.Rxc4 Rxc4+ 37.Kb3 Rb4+ 38.Kc3 Kh6 39.a3 Rb5 40.Rxd6 Kg5 41.g4 Rb1
42.Rd3 Kxg4 43.Rg3+ Kxf5 44.Rxh3 Ke4 45.Rh4+ Ke3 46.Rh3+ Ke2 47.Rh5 Rf1 48.Kc4
e4 49.Kd4 e3 50.Ke4 f5+ {#R} 0-1

[Event "ch-Moscow Final 2017"]
[Site "Moscow RUS"]
[Date "2017.04.06"]
[Round "6.16"]
[White "Shvedchikov,A"]
[Black "Kornilovich,D"]
[Result "0-1"]
[WhiteElo "2293"]
[BlackElo "2202"]

1.e4 c6 2.d4 d5 3.e5 Bf5 4.Nc3 e6 5.g4 Bg6 6.Nge2 c5 7.h4 h5 8.Nf4 Nc6 9.Nxg6
fxg6 10.Bg5 Qb6 11.Qd3 Nge7 12.Nb5 c4 13.Nd6+ Kd7 14.Qc3 Qxd4 15.Qxd4 Nxd4
16.O-O-O Nec6 17.Nxc4 hxg4 18.Rg1 Nf3 19.Rxg4 Nfxe5 20.Nxe5+ Nxe5 21.Bb5+ Kc7
22.Rg3 Bd6 23.Rc3+ Nc6 24.Bd3 Raf8 25.Rf1 Be5 26.Ra3 Bf4+ 27.Kd1 Bxg5 28.hxg5
Rh2 29.Ke1 Rg2 30.Bxg6 Rxg5 31.Bd3 Rf4 32.Rh1 e5 33.Rh3 e4 34.Be2 Nd4 35.Rxa7
Rg1+ 36.Kd2 Rg2 37.Ra4 Nf5 38.Rc3+ Kd6 39.Rb4 Rfxf2 40.Rb6+ Ke5 41.Kc1 Rxe2
{#R} 0-1

[Event "ch-Moscow Final 2017"]
[Site "Moscow RUS"]
[Date "2017.04.06"]
[Round "6.17"]
[White "Makarian,Rudik"]
[Black "Koshevoy,S"]
[Result "1-0"]
[WhiteElo "2207"]
[BlackElo "2206"]

1.e4 c6 2.d4 d5 3.e5 c5 4.dxc5 e6 5.Nf3 Bxc5 6.Bd3 Nc6 7.O-O Nge7 8.a3 Ng6
9.Re1 Qc7 10.b4 Be7 11.Bb2 Bd7 12.Nbd2 Rc8 13.Rc1 O-O 14.c4 dxc4 15.Rxc4 b5
16.Rg4 a5 17.bxa5 Nxa5 18.h4 h5 19.Rd4 Nc6 20.Ne4 Nxd4 21.Bxd4 Bc6 22.Neg5
Bxf3 23.Nxf3 Rfd8 24.Bxg6 fxg6 25.Qb1 Kh7 26.Qxb5 Qc4 27.Qb6 Rc6 28.Qa7 Rc7
29.Qa5 Rd5 30.Qb6 Qc6 31.Qb3 Bxh4 32.Be3 Be7 33.Bg5 Qb5 34.Qe3 Qc5 35.Qf4 Kg8
36.Qe4 Bxg5 37.Nxg5 Qc2 38.Qb4 Qd2 39.Qb8+ Rd8 40.Qxc7 Qxe1+ 41.Kh2 Qd2
42.Nxe6 Qd7 43.Qxd8+ {#r} 1-0